00334nam a2200133Ia 4500008004100000041000800041082001200049100001400061245004300075250001400118260002800132300003300160365000700193240624s9999 xx 000 0 und d aeng a657 RAW aRAWAT D S aSTUDENTS GUIDE TO ACCOUNTING STANDARDS a(7th ed.) c2005aNew DelhibTaxman axxxix, : 479 : p. : cm. ; 24 cRS